| 000 | 00750cam a2200265 4500 | ||
|---|---|---|---|
| 999 |
_c94087 _d94086 |
||
| 005 | 20180518123624.0 | ||
| 008 | 690528s1969 nyu b 001 0 eng | ||
| 080 |
_a614.4 _bWIL |
||
| 100 | 1 | _aWilliams, Greer, | |
| 245 | 1 | 4 | _aThe plague killers. |
| 260 |
_aNew York, _bScribner _c[1969] |
||
| 300 |
_axii, 345 p. _bfront. _c22 cm. |
||
| 650 | 0 | _aHookworm disease. | |
| 650 | 0 | _aMalaria. | |
| 650 | 0 | _aYellow fever. | |
| 650 | 0 | _aInsects as carriers of disease. | |
| 653 |
_aHookworm disease. _aMalaria. _aYellow fever. _aInsects as carriers of disease |
||
| 942 | _cBK | ||